highest grossing sports movies - Statistics

General Stats
  • This quiz has been taken 35 times
  • The average score is 10 of 15
Answer Stats
year starring gross film % Correct
1976 Sylvester Stallone $515 million Rocky
97%
1979 Carl Weathers $317 million Rocky II
82%
1985 Dolph Lundgren $331 million Rocky IV
82%
1982 Mr. T $398 million Rocky III
79%
2009 Sandra Bullock $312 million The Blind Side
76%
1996 Michael Jordan $190 million Space Jam
74%
1984 Ralph Macchio $253 million The Karate Kid
74%
2010 Jaden Smith $211 million The Karate Kid
74%
1992 Madonna $242 million A League of Their Own
62%
1998 Adam Sandler $320 million The Waterboy
59%
2000 Denzel Washington $200 million Remember the Titans
56%
1996 Tom Cruise $317 million Jerry Maguire
53%
2005 Burt Reynolds $231 million The Longest Yard
50%
1981 Ben Cross $187 million Chariots of Fire
32%
2003 Tobey Maguire $186 million Seabiscuit
29%
No matching quizzes found
Score Distribution
Percent of People with Each Score
Percentile by Number Answered
Your Score History
You have not taken this quiz